Estadística para psicólogos
Gespeichert in:
| 1. Verfasser: | |
|---|---|
| Format: | Buch |
| Sprache: | Spanisch |
| Veröffentlicht: |
Madrid
Pirámide
1993
|
| Ausgabe: | 15a. ed |
| Schriftenreihe: | Colección Psicología
|
| Schlagworte: | |
| Tags: |
Tag hinzufügen
Keine Tags, Fügen Sie den ersten Tag hinzu!
|
MARC
| LEADER | 00000nam a2200000 a 4500 | ||
|---|---|---|---|
| 001 | UCP6855 | ||
| 003 | CL-VaPUC | ||
| 008 | 991119e19930000SP |||||||||||||||||spa|d | ||
| 082 | 0 | 4 | |a 519 |b AMO |2 21 |
| 100 | 0 | |a Amón, Jesús |e author |9 436174 | |
| 245 | 1 | 0 | |a Estadística para psicólogos |
| 250 | |a 15a. ed | ||
| 300 | |a v | ||
| 942 | |c BK | ||
| 945 | |d 19991119 00:00:00 |a vberengu | ||
| 260 | |a Madrid |b Pirámide |c 1993 | ||
| 500 | |a v.1: Estadística descriptiva | ||
| 650 | 0 | |a Ciencias matemáticas |9 354013 | |
| 650 | 0 | |a Datos estadísticos |9 329380 | |
| 650 | 0 | |a Estadísticas |9 258644 | |
| 650 | 7 | |a ESTADISTICAS DESCRIPTIVAS |2 CL-VaPUC |9 335950 | |
| 650 | 0 | |a Psicología |9 257863 | |
| 583 | |a last modification |c 19991119 00:00:00 |k Rodrigo Vera | ||
| 490 | 0 | |a Colección Psicología | |
| 999 | |c 284280 |d 284278 | ||
| 952 | |0 0 |1 0 |4 0 |6 519_000000000000000_AMO_1993 |7 0 |8 A |9 328150 |a BIBEDU |b BIBEDU |d 2019-11-20 |h v.1 |i 3578232 |o 519 AMO 1993 |p 3578232 |r 2019-11-20 |w 2019-11-20 |y BK |k PSI | ||